000 00826nam a22002897a 4500
003 CHAP
005 20220329140318.0
008 971013s1944 r 00010 d
010 _a50199
011 _a51171
035 _a55321
040 _cCHAP
082 _a330.1
_bP53Y 1944
100 0 0 _aPigou, A. C.
_988060
245 _aTeoría y realidad económica
250 _a2 ed.
260 _aMéxico :
_bFondo de Cultura Económica,
_c1944
300 _a148 p.
590 _aBATCH-UPD
_b10
_c20130110
_lUCH01
_h0528
590 _aBATCH-UPD
_b10
_c20130410
_lUCH01
_h0207
590 _aBATCH-UPD
_b10
_c20130914
_lUCH01
_h1231
590 _aCONVERSION
_b10
_c20130109
_lUCH01
_h1327
650 1 4 _aEconomía.
_935226
901 _aBK
942 _cLIBRO
949 _a330.1 P53Y 1944
_bBC
_cLIBRO
_d-121452
_eLIBRO
_i55321
_si
_t4.00
999 _c50199
_d50199